| 000 | 00485nam a22001577a 4500 | ||
|---|---|---|---|
| 020 | _qHBK. | ||
| 082 | _a658.4 | ||
| 100 | _aMazhar, Muhammad Sohail | ||
| 245 |
_aFinancial Analysis & Energy Crisis of Fertilizer Sector _cMuhammad Sohail Mazhar. |
||
| 260 |
_aIslamabad: _bNBS - NUST, _c2014. |
||
| 300 |
_a39 p. : ill. ; _c30cm. |
||
| 650 |
_aEMBA Thesis. _917645 |
||
| 700 |
_aMr. Tariq Abbasi. _918197 |
||
| 942 |
_2ddc _cTHE |
||
| 999 |
_c527653 _d527653 |
||